Central-Library-PUMHS

Online Public Access Catalogue

Welcome to PUMHS Central Library Nawabshah, SBA

Trease and Evans' Pharmacognosy (Record no. 37322)

000 -LEADER
fixed length control field 00226nam a22001097a 4500
100 ## - MAIN ENTRY--AUTHOR NAME
Personal name William Charles Evans
245 ## - TITLE STATEMENT
Title Trease and Evans' Pharmacognosy
260 ## - PUBLICATION, DISTRIBUTION, ETC. (IMPRINT)
Year of publication 2024
300 ## - PHYSICAL DESCRIPTION
Number of Pages 602
650 ## - SUBJECT ADDED ENTRY--TOPICAL TERM
Topical Term Pharmacy
942 ## - ADDED ENTRY ELEMENTS (KOHA)
Koha item type Books
Holdings
Withdrawn status Lost status Permanent Location Current Location Shelving location Date acquired Source of acquisition Cost, normal purchase price Accession Number Koha item type
    Central Library Main Campus PUMHSW Nawabshah (SBA) Pharm-D Library Pharm-D Library 2025-12-04 M/S Citizen ,Bill No.11 Date:14/07/2025 558.00 61254 Books
    Central Library Main Campus PUMHSW Nawabshah (SBA) Pharm-D Library Pharm-D Library 2025-12-04 M/S Citizen ,Bill No.11 Date:14/07/2025 558.00 61255 Books
    Central Library Main Campus PUMHSW Nawabshah (SBA) Pharm-D Library Pharm-D Library 2025-12-04 M/S Citizen ,Bill No.11 Date:14/07/2025 558.00 61256 Books
    Central Library Main Campus PUMHSW Nawabshah (SBA) Pharm-D Library Pharm-D Library 2025-12-04 M/S Citizen ,Bill No.11 Date:14/07/2025 558.00 61257 Books

Copyright © 2018,The PUMHSW, Nawabshah, Shaheed Benazirabad. All rights reserved
Mr. Abdul Sattar Mahar (Chief Librarian) PUMHSW, Nawabshah, Sindh, Pakistan 67480.
Ph#: | 0244-9370425 Ext. 2241 Email| librarian@pumhs.edu.pk Web| http://www.pumhs.edu.pk
سنڌي ڪي بورڊ